[Event "Caioba Telecom op"]
[Site "Caioba"]
[Date "2016.08.26"]
[Round "2"]
[White "Bail, Ellen Larissa"]
[Black "Borges, Ketheryn Salete"]
[Result "1-0"]
[WhiteElo "1772"]
[BlackElo "1440"]
[PlyCount "47"]
[EventDate "2016.08.26"]
[EventType "swiss"]
[EventRounds "6"]
[EventCountry "BRA"]
[SourceTitle "CBM 174 Extra"]
[Source "ChessBase"]
[SourceDate "2016.10.10"]
[SourceVersion "1"]
[SourceVersionDate "2016.10.10"]
[SourceQuality "1"]

1. d4 Nf6 2. c4 e6 3. Nc3 g6 4. Nf3 d6 5. e4 Nbd7 6. Be2 Bg7 7. Bf4 b6 8. e5 dxe5 9. dxe5 Nh5 10. Bg5 f6 11. exf6 Nhxf6 12. Nd4 Qe7 13. Bf3 Ba6 14. Bxa8 Bxc4 15. Bf3 Qf7 16. Qa4 Bd5 17. Nxd5 Nxd5 18. 0-0 0-0 19. Bg4 Nc5 20. Qd1 a5 21. Rc1 Nb4 22. Rxc5 bxc5 23. Bxe6 Bxd4 24. Qb3 1-0

[Event "BRA-ch U16 Girls"]
[Site "Itajai"]
[Date "2016.06.11"]
[Round "5"]
[White "Borges, Ketheryn Salete"]
[Black "Senger, Maria Clara da Silv"]
[Result "0-1"]
[WhiteElo "1485"]
[BlackElo "1200"]
[PlyCount "120"]
[EventDate "2016.06.09"]
[EventType "swiss"]
[EventRounds "6"]
[EventCountry "BRA"]
[SourceTitle "CBM 172 Extra"]
[Source "ChessBase"]
[SourceDate "2016.06.21"]
[SourceVersion "1"]
[SourceVersionDate "2016.06.21"]
[SourceQuality "1"]

1. e4 c5 2. Nf3 d6 3. d4 cxd4 4. Nxd4 Nf6 5. Nc3 g6 6. Be2 Bg7 7. 0-0 0-0 8. Nf3 Nc6 9. Bg5 Bd7 10. Bc4 Rc8 11. Rb1 Qb6 12. Bxf6 Bxf6 13. Nd5 Qd8 14. Nxf6+ exf6 15. Bb5 Qe7 16. Re1 a6 17. Bxc6 Rxc6 18. b3 Re8 19. c4 Qd8 20. a4 Re7 21. Qd4 Kg7 22. Rbc1 Qb6 23. Qxb6 Rxb6 24. Rb1 Rc6 25. Nd4 Rc8 26. f3 Rce8 27. g4 Kg8 28. Kf2 h5 29. h3 hxg4 30. hxg4 Kg7 31. a5 Rh8 32. b4 Rc8 33. Rbc1 Ra8 34. f4 Bxg4 35. c5 dxc5 36. Rxc5 Rae8 37. e5 Rd7 38. Re4 f5 39. e6 Rd6 40. Ree5 Rxd4 41. Rc7 Rxf4+ 42. Ke3 Rxb4 43. Rxf7+ Kh6 44. e7 Re4+ 45. Rxe4 fxe4 46. Kxe4 Be6 47. Rf2 Rxe7 48. Ke5 Bc4+ 49. Kd4 Bb5 50. Kc5 Bc6 51. Kd6 Re8 52. Kc5 Rg8 53. Rf6 Kh5 54. Kd4 g5 55. Ke3 g4 56. Kf2 g3+ 57. Kg1 g2 58. Rf5+ Rg5 59. Rf7 Re5 60. Rh7+ Kg6 0-1

[Event "Parana-chT U18 Girls"]
[Site "Sao Jose dos Pinhais"]
[Date "2012.11.16"]
[Round "3.1"]
[White "Borges, Ketheryn Salete"]
[Black "Faron, Eliandra"]
[Result "0-1"]
[WhiteElo "1575"]
[BlackElo "1638"]
[PlyCount "62"]
[EventDate "2012.11.14"]
[EventType "team-swiss"]
[EventRounds "7"]
[EventCountry "BRA"]
[SourceTitle "EXT 2024"]
[Source "ChessBase"]
[SourceDate "2023.10.10"]
[SourceVersion "1"]
[SourceVersionDate "2023.10.10"]
[SourceQuality "1"]
[WhiteTeam "Pirai do Sul (W)"]
[BlackTeam "Francisco Beltrao (W)"]
[WhiteTeamCountry "BRA"]
[BlackTeamCountry "BRA"]

1. d4 d5 2. Nc3 Nc6 3. Nf3 Nf6 4. Bg5 Qd6 5. e3 a6 6. g3 e5 7. dxe5 Nxe5 8. Nxe5 Qxe5 9. Bxf6 gxf6 10. Bg2 Be6 11. Nxd5 Bxd5 12. Bxd5 c6 13. Bb3 Qxb2 14. Qc1 Qc3+ 15. Kd1 Rd8+ 16. Ke2 Qe5 17. Rd1 Qh5+ 18. f3 Qxh2+ 19. Ke1 Qxg3+ 20. Ke2 Be7 21. Rd2 Qg2+ 22. Ke1 Qxf3 23. Qd1 Qxe3+ 24. Qe2 Qg1+ 25. Qf1 Qxf1+ 26. Kxf1 Rxd2 27. c4 Rg8 28. Ke1 Rh2 29. Kf1 Bc5 30. Re1+ Kf8 31. Bc2 Rg1# 0-1

[Event "Parana-chT U18 Girls"]
[Site "Sao Jose dos Pinhais"]
[Date "2012.11.15"]
[Round "2.1"]
[White "Guerra, Ana Carolina Godoi"]
[Black "Borges, Ketheryn Salete"]
[Result "1-0"]
[WhiteElo "1650"]
[BlackElo "1575"]
[PlyCount "105"]
[EventDate "2012.11.14"]
[EventType "team-swiss"]
[EventRounds "7"]
[EventCountry "BRA"]
[SourceTitle "EXT 2024"]
[Source "ChessBase"]
[SourceDate "2023.10.10"]
[SourceVersion "1"]
[SourceVersionDate "2023.10.10"]
[SourceQuality "1"]
[WhiteTeam "Maringa (W)"]
[BlackTeam "Pirai do Sul (W)"]
[WhiteTeamCountry "BRA"]
[BlackTeamCountry "BRA"]

1. e4 e5 2. Nf3 Nc6 3. Bc4 Nf6 4. Ng5 d5 5. exd5 Nxd5 6. Nxf7 Kxf7 7. Qf3+ Ke8 8. Qxd5 Qxd5 9. Bxd5 Bd7 10. 0-0 Bc5 11. Nc3 Rf8 12. d3 Rb8 13. Be3 Bxe3 14. fxe3 Rxf1+ 15. Rxf1 Ne7 16. Bb3 c6 17. e4 b6 18. Rf7 g6 19. Rxh7 Kd8 20. Rh8+ Kc7 21. Rxb8 Kxb8 22. Nd1 c5 23. Ne3 Nc6 24. Ba4 Kc7 25. Bxc6 Bxc6 26. Kf2 Kd7 27. Kg3 Ke7 28. Kg4 Kf6 29. Nc4 g5 30. h4 gxh4 31. Kxh4 Bb5 32. g4 Kg6 33. Nxe5+ Kh6 34. Nc4 Bxc4 35. dxc4 a6 36. e5 Kg6 37. g5 Kf7 38. Kh5 Kg7 39. e6 Kf8 40. Kh6 Ke7 41. Kh7 Kxe6 42. g6 Kf6 43. g7 b5 44. g8Q Kf5 45. cxb5 axb5 46. Qd5+ Kf4 47. Kg6 Ke3 48. Kf5 Kf2 49. Qd3 Ke1 50. Kf4 Kf2 51. Qd2+ Kf1 52. Kf3 Kg1 53. Qg2# 1-0